• 首页
  • 本馆介绍
  • 公告通知
  • 最新文献
  • 馆藏检索
  • 电子资源
  • 读者导购
  • 参考咨询
  • 我的图书馆
  • 登录
  • 详细信息显示
  • 放入我的书架
  • 预约/预借图书
  • 作者相关作品
  • 分类相关作品
  • 丛书相关作品
  • 出版社相关作品

书目信息

  • 表格格式
  • 工作单格式
  • 卡片格式
题名:
教师口才训练教程
    
 
作者: 赖华强 , 杨国强 主编
分册:  
出版信息: 广州   暨南大学出版社  2000
页数: 514页
开本: 21cm
丛书名:
单 册:
中图分类: H119 , H119
科图分类:
主题词: 汉语--音韵学 , 教师--口才学--师资培训--中国--教材 , 汉语--语音
电子资源:
ISBN: 7-81029-804-6
000 00984nam0 2200277 45
001 110000002222
005 20070727112744.62
010    @a7-81029-804-6@dCNY24.00
100    @a20050114e20022000ekmy0chiy0120 ea
101 0  @achi
102    @aCN@b440000
105    @ay z 000yy
200 1  @a教师口才训练教程@9jiao shi kou cai xun lian jiao cheng@f赖华强,杨国强主编@Flai hua qiang,yang guo qiang zhu bian
210    @a广州@c暨南大学出版社@d2000@h2002重印
215    @a514页@d21cm
330    @a全书由普通话知识与训练,通用口才原理与训练和教师口才原理与训练三编组成,每篇分若干章,由理论概要、专项训练两部分组成,以专项训练为主,体现出理论指导训练、精讲多练的原则。
606 0  @a汉语@x音韵学
606 0  @a教师@x口才学@x师资培训@y中国@x教材
606 0  @a汉语@x语音
690    @aH119@v4
690    @aH119@v4
701  0 @a赖华强@Alai hua qiang@4主编
701  0 @a杨国强@Ayang guo qiang@4主编
801  0 @aCN@bTSSF@c20070727
905    @a10447@dH119@e90
999    @aHSJ@eGLX
    
    教师口才训练教程/赖华强,杨国强主编.-广州:暨南大学出版社,2000(2002重印)
    514页;21cm
    
    
    ISBN 7-81029-804-6:CNY24.00
    全书由普通话知识与训练,通用口才原理与训练和教师口才原理与训练三编组成,每篇分若干章,由理论概要、专项训练两部分组成,以专项训练为主,体现出理论指导训练、精讲多练的原则。
●
相关链接 在E读中查询图书 在五车中查询图书 在当当中查询图书 在豆瓣中查询图书


正题名:教师口才训练教程     索取号:H119/90         预约/预借

序号 登录号 条形码 馆藏地/架位号 状态 备注
1 0363335   3633358   第二样本阅览室/ [索取号:H119/90] 在馆    
2 0363336   3633367   第四借阅区/ [索取号:H119/90] 在馆    
3 0363337   3633376   第四借阅区/ [索取号:H119/90] 在馆    
4 0363338   3633385   第四借阅区/ [索取号:H119/90] 在馆    
5 0363339   3633394   第四借阅区/ [索取号:H119/90] 在馆    
6 0363340   3633401   第四借阅区/ [索取号:H119/90] 在馆    
7 0363341   3633410   第四借阅区/ [索取号:H119/90] 在馆    
8 0363342   3633429   第四借阅区/ [索取号:H119/90] 在馆    
9 0784120   207841200   第四借阅区/ [索取号:H119/90] 在馆    
10 0784121   207841219   第四借阅区/ [索取号:H119/90] 在馆    
11 0784122   207841228   第四借阅区/ [索取号:H119/90] 在馆    
12 0784123   207841237   第四借阅区/ [索取号:H119/90] 在馆    
13 0784124   207841246   第四借阅区/ [索取号:H119/90] 在馆    
14 0784125   207841255   第四借阅区/ [索取号:H119/90] 在馆    
15 0784126   207841264   第四借阅区/ [索取号:H119/90] 在馆    
16 0784936   207849364   密集书库/ [索取号:H119/90] 在馆    
唐山师范学院图书馆 欢迎您!
大连网信软件有限公司© 版权所有